[Event "Ruhrgebiet Verbandsliga Gruppe 2 1718"]
[Site "Germany"]
[Date "2017.11.05"]
[Round "3.8"]
[White "Gluma, Christian"]
[Black "Laumeier, Ulrich"]
[Result "1-0"]
[WhiteElo "1616"]
[BlackElo "1439"]
[PlyCount "55"]
[EventDate "2017.09.17"]
[EventType "team-tourn"]
[EventRounds "9"]
[EventCountry "GER"]
[SourceTitle "EXT 2022"]
[Source "ChessBase"]
[SourceDate "2021.10.06"]
[SourceVersion "1"]
[SourceVersionDate "2021.10.06"]
[SourceQuality "1"]
[WhiteTeam "Bochum SG III"]
[BlackTeam "Holsterhausen SK"]
[WhiteTeamCountry "GER"]
[BlackTeamCountry "GER"]

1. e4 e5 2. Nf3 Nc6 3. Bc4 d6 4. d3 h6 5. c3 Bg4 6. Qb3 Na5 7. Bxf7+ Ke7 8. Qa4 Kxf7 9. Qxa5 Nf6 10. Nbd2 Be7 11. Qa4 b6 12. h3 Be6 13. Qc2 Rf8 14. d4 exd4 15. Nxd4 Bd7 16. Qb3+ Kg6 17. 0-0 Qe8 18. Ne6 Bxe6 19. Qxe6 Kh7 20. f4 Nh5 21. Nb3 Rf6 22. Qc4 Qd7 23. Qd5 Nxf4 24. Bxf4 Raf8 25. Bg3 c6 26. Qd3 a5 27. Rxf6 Rxf6 28. e5+ 1-0